[Event "Liga Madrileña - DH 2012-2013"]
[Site "Madrid ESP"]
[Date "2013.02.24"]
[Round "11.24"]
[White "Sanchez Gonzalez, Sergio"]
[Black "Rojo Huerta, Gabriel"]
[Result "1/2-1/2"]
[WhiteElo "2295"]
[BlackElo "2356"]
[PlyCount "91"]
[EventDate "2012.11.18"]
[EventRounds "14"]
[EventCountry "ESP"]
[Source "lmi"]
[SourceDate "2012.11.18"]
[WhiteTeam "Amigos del Retiro"]
[BlackTeam "Casa del Ajedrez"]
[WhiteTeamCountry "ESP"]
[BlackTeamCountry "ESP"]

1. c4 c5 2. Nf3 Nc6 3. d4 cxd4 4. Nxd4 Nf6 5. Nc3 e6 6. Ndb5 Bb4 7. a3 Bxc3+ 8.
Nxc3 d5 9. e3 O-O 10. Be2 Qe7 11. cxd5 Rd8 12. d6 Rxd6 13. Qc2 Rd8 14. b4 b6
15. O-O Bb7 16. Bb2 Rac8 17. Rfd1 Ne5 18. Rxd8+ Qxd8 19. Rd1 Qc7 20. Qd2 Nc4
21. Bxc4 Qxc4 22. Qd8+ Ne8 23. Qd7 Qc7 24. b5 h6 25. Qxc7 Nxc7 26. e4 Kf8 27.
f3 Ke8 28. a4 Rd8 29. Rxd8+ Kxd8 30. Kf2 Kd7 31. Ke3 e5 32. Ne2 f6 33. Ba3 a6
34. Nc3 axb5 35. axb5 h5 36. g3 Ke6 37. f4 exf4+ 38. gxf4 g6 39. Bb2 Bc8 40.
Na4 Nxb5 41. Nxb6 Bb7 42. Na4 Bc6 43. Nc5+ Kf7 44. e5 fxe5 45. Bxe5 Na3 46. Kd3
1/2-1/2

[Event "Liga Madrileña - DH 2012-2013"]
[Site "Madrid ESP"]
[Date "2013.02.24"]
[Round "11.25"]
[White "Unciti Juan, Javier"]
[Black "Perez Gonzalez, Jose Manuel"]
[Result "0-1"]
[WhiteElo "2196"]
[BlackElo "2314"]
[PlyCount "102"]
[EventDate "2012.11.18"]
[EventRounds "14"]
[EventCountry "ESP"]
[Source "lmi"]
[SourceDate "2012.11.18"]
[WhiteTeam "Casa del Ajedrez"]
[BlackTeam "Amigos del Retiro"]
[WhiteTeamCountry "ESP"]
[BlackTeamCountry "ESP"]

1. e4 c5 2. Nf3 d6 3. d4 cxd4 4. Nxd4 Nf6 5. Nc3 e6 6. g4 a6 7. g5 Nfd7 8. Be3
b5 9. Qd2 Bb7 10. f3 Be7 11. O-O-O Nb6 12. a3 N8d7 13. f4 Nc5 14. f5 e5 15. f6
gxf6 16. gxf6 Bf8 17. Nf5 Nxe4 18. Qg2 Nc5 19. Ng7+ Kd7 20. Qf2 Bxh1 21. Bxc5
Nc8 22. Bh3+ Kc7 23. Bb4 a5 24. Nxb5+ Kb8 25. Rxh1 axb4 26. Bg2 Ra5 27. Qf3 d5
28. c4 bxc3 29. Nxc3 e4 30. Qf5 Qc7 31. Kb1 Nd6 32. Qe5 Nc4 33. Qe8+ Qc8 34.
Qxc8+ Kxc8 35. Nf5 Nd6 36. Nd4 Bh6 37. Nc6 Rc5 38. Ne7+ Kb7 39. Nexd5 Re8 40.
Ne7 Re5 41. Rd1 Nc4 42. Nxe4 Ka6 43. Ka2 Rb8 44. b3 Ne3 45. Rd6+ Rb6 46. Rxb6+
Kxb6 47. Bf3 Nf5 48. Nc8+ Kc7 49. Na7 Ra5 50. Nc3 Nd4 51. Nd5+ Kb8 0-1

[Event "Liga Madrileña - DH 2012-2013"]
[Site "Madrid ESP"]
[Date "2013.02.24"]
[Round "11.26"]
[White "Fernandez Garcia, Miguel Angel"]
[Black "Collado Barbas, Laura"]
[Result "1-0"]
[WhiteElo "2307"]
[BlackElo "2151"]
[PlyCount "115"]
[EventDate "2012.11.18"]
[EventRounds "14"]
[EventCountry "ESP"]
[Source "lmi"]
[SourceDate "2012.11.18"]
[WhiteTeam "Amigos del Retiro"]
[BlackTeam "Casa del Ajedrez"]
[WhiteTeamCountry "ESP"]
[BlackTeamCountry "ESP"]

1. d4 d5 2. c4 e6 3. Nf3 c6 4. e3 Nd7 5. Nc3 f5 6. Bd3 Nh6 7. Qc2 Bd6 8. cxd5
exd5 9. Bxf5 Nxf5 10. Qxf5 Ne5 11. Qc2 Nxf3+ 12. gxf3 O-O 13. Qe2 Qf6 14. f4
Bd7 15. Qh5 Rae8 16. Ne2 Bf5 17. Bd2 Qe6 18. Rg1 Bd3 19. Qg4 Qxg4 20. Rxg4 Bxe2
21. Kxe2 Bxf4 22. Rag1 Rf7 23. R1g2 Bd6 24. f3 Rfe7 25. Kd3 Rf8 26. Rf2 Rf5 27.
Rgg2 Ref7 28. Ke2 c5 29. dxc5 Bxc5 30. Rg4 g6 31. Bc3 b6 32. Bd4 Bd6 33. Rg1
Rc7 34. Kd3 Rcf7 35. f4 Rc7 36. Rc2 Rxc2 37. Kxc2 Kf7 38. Kd3 Ke7 39. a4 Rh5
40. Rg2 Rh3 41. Rf2 Ke6 42. a5 Bc5 43. a6 Bxd4 44. Kxd4 Rh5 45. Rc2 Kd7 46. b4
Rf5 47. b5 Rf6 48. Rc3 h6 49. h4 Rd6 50. Ke5 Re6+ 51. Kxd5 g5 52. hxg5 hxg5 53.
f5 Re8 54. e4 Rf8 55. Rg3 Rc8 56. Rxg5 Rc5+ 57. Kd4 Rxb5 58. Rg7+ 1-0

[Event "Liga Madrileña - DH 2012-2013"]
[Site "Madrid ESP"]
[Date "2013.02.24"]
[Round "11.31"]
[White "Pilgaard, Kim"]
[Black "Anton Guijarro, David"]
[Result "0-1"]
[WhiteElo "2432"]
[BlackElo "2559"]
[PlyCount "66"]
[EventDate "2012.11.18"]
[EventRounds "14"]
[EventCountry "ESP"]
[Source "lmi"]
[SourceDate "2012.11.18"]
[WhiteTeam "Cafe Comercial"]
[BlackTeam "Virgen de Atocha"]
[WhiteTeamCountry "ESP"]
[BlackTeamCountry "ESP"]

1. e4 g6 2. d4 Bg7 3. c4 d6 4. Nc3 Nf6 5. f3 O-O 6. Be3 c5 7. Nge2 Nc6 8. d5
Na5 9. Ng3 e6 10. Be2 exd5 11. cxd5 a6 12. Rc1 b5 13. b3 b4 14. Nb1 h5 15. O-O
h4 16. Nh1 Nh5 17. f4 Re8 18. Nf2 Ng3 19. hxg3 hxg3 20. Bf3 gxf2+ 21. Bxf2 Bd7
22. Nd2 Bb5 23. Re1 Rc8 24. e5 dxe5 25. Rxc5 Rxc5 26. Bxc5 Nb7 27. Bxb4 f5 28.
Bc3 Qb6+ 29. Kh2 Bh6 30. Bxe5 Qf2 31. Rf1 Qh4+ 32. Kg1 Rxe5 33. fxe5 Be3+ 0-1

[Event "Liga Madrileña - DH 2012-2013"]
[Site "Madrid ESP"]
[Date "2013.02.24"]
[Round "11.32"]
[White "Arribas Lopez, Angel"]
[Black "Ortega Ruiz, Jose Miguel"]
[Result "1-0"]
[WhiteElo "2477"]
[BlackElo "2323"]
[PlyCount "59"]
[EventDate "2012.11.18"]
[EventRounds "14"]
[EventCountry "ESP"]
[Source "lmi"]
[SourceDate "2012.11.18"]
[WhiteTeam "Virgen de Atocha"]
[BlackTeam "Cafe Comercial"]
[WhiteTeamCountry "ESP"]
[BlackTeamCountry "ESP"]

1. Nf3 Nf6 2. c4 c6 3. Nc3 d5 4. e3 e6 5. b3 Nbd7 6. Qc2 Bd6 7. Bb2 b6 8. Be2
Bb7 9. cxd5 exd5 10. Nd4 c5 11. Nf5 Bf8 12. O-O g6 13. Ng3 h5 14. Bb5 Bg7 15.
Rfd1 O-O 16. d4 cxd4 17. Rxd4 Ng4 18. Rd2 Nc5 19. h3 Nh6 20. Rad1 Ne6 21. Rd3
a6 22. Bc4 Nc5 23. Rxd5 Bxd5 24. Nxd5 Ne6 25. Bxg7 Kxg7 26. Qb2+ f6 27. Rd2 Qb8
28. Nxf6 Rxf6 29. Rd7+ Nf7 30. Ne4 1-0

[Event "Liga Madrileña - DH 2012-2013"]
[Site "Madrid ESP"]
[Date "2013.02.24"]
[Round "11.33"]
[White "Arruebarrena, Rafael"]
[Black "Rabadan Velasco, Raul"]
[Result "1-0"]
[WhiteElo "2245"]
[BlackElo "2310"]
[PlyCount "65"]
[EventDate "2012.11.18"]
[EventRounds "14"]
[EventCountry "ESP"]
[Source "lmi"]
[SourceDate "2012.11.18"]
[WhiteTeam "Cafe Comercial"]
[BlackTeam "Virgen de Atocha"]
[WhiteTeamCountry "ESP"]
[BlackTeamCountry "ESP"]

1. e4 e6 2. d4 d5 3. Nc3 Nf6 4. Bg5 dxe4 5. Nxe4 Be7 6. Bxf6 gxf6 7. Nf3 a6 8.
Qe2 b5 9. g3 Bb7 10. Bg2 Nd7 11. Rd1 Bd5 12. Qe3 c6 13. O-O Qa5 14. a3 Qc7 15.
Rfe1 O-O-O 16. b3 Bxa3 17. c4 Bxe4 18. Qxe4 bxc4 19. bxc4 Bb4 20. Re2 Nb6 21.
d5 Na4 22. c5 a5 23. d6 Nxc5 24. Qf4 Qb6 25. Nd4 Na4 26. Nxc6 Nc3 27. Rc2 Kd7
28. Qxf6 Nxd1 29. Qxf7+ Kc8 30. Nxb4+ Kb8 31. Nc6+ Ka8 32. Nb4+ Kb8 33. Na6+
1-0

[Event "Liga Madrileña - DH 2012-2013"]
[Site "Madrid ESP"]
[Date "2013.02.24"]
[Round "11.34"]
[White "Rudolf, Anna"]
[Black "Castellanos Vazquez, Jorge"]
[Result "1/2-1/2"]
[WhiteElo "2324"]
[BlackElo "2191"]
[PlyCount "67"]
[EventDate "2012.11.18"]
[EventRounds "14"]
[EventCountry "ESP"]
[Source "lmi"]
[SourceDate "2012.11.18"]
[WhiteTeam "Virgen de Atocha"]
[BlackTeam "Cafe Comercial"]
[WhiteTeamCountry "ESP"]
[BlackTeamCountry "ESP"]

1. e4 e6 2. d4 d5 3. Nd2 dxe4 4. Nxe4 Nd7 5. Nf3 Ngf6 6. Nxf6+ Nxf6 7. Be3 Bd7
8. Ne5 Bd6 9. Bd3 Nd5 10. Bd2 Qh4 11. Qf3 Bxe5 12. dxe5 Bc6 13. Qg3 Qxg3 14.
hxg3 h6 15. Ke2 O-O-O 16. Rh5 Rd7 17. g4 Rhd8 18. f3 Ne7 19. g5 g6 20. Rxh6 Nf5
21. Be3 Rd5 22. Bxf5 exf5 23. f4 R5d7 24. e6 fxe6 25. Rxg6 Re8 26. Kf2 Be4 27.
c3 e5 28. Rh1 exf4 29. Bxf4 Bd5 30. b3 Rde7 31. Kg3 Re2 32. Rg1 R8e7 33. Rf6
Rxa2 34. g6 1/2-1/2

[Event "Liga Madrileña - DH 2012-2013"]
[Site "Madrid ESP"]
[Date "2013.02.24"]
[Round "11.35"]
[White "Hinojar Diez, David"]
[Black "Rodrigo Yanguas, Maria"]
[Result "1-0"]
[WhiteElo "2172"]
[BlackElo "2187"]
[PlyCount "95"]
[EventDate "2012.11.18"]
[EventRounds "14"]
[EventCountry "ESP"]
[Source "lmi"]
[SourceDate "2012.11.18"]
[WhiteTeam "Cafe Comercial"]
[BlackTeam "Virgen de Atocha"]
[WhiteTeamCountry "ESP"]
[BlackTeamCountry "ESP"]

1. d4 d5 2. c4 Nc6 3. Nf3 Bg4 4. e3 e5 5. Be2 exd4 6. Nxd4 Bxe2 7. Qxe2 Nxd4 8.
exd4+ Qe7 9. Be3 O-O-O 10. c5 f5 11. O-O g5 12. c6 bxc6 13. Qa6+ Kd7 14. Rc1
Qd6 15. Bxg5 Ne7 16. g3 Rg8 17. Bd2 f4 18. Kh1 fxg3 19. fxg3 Bh6 20. Qd3 Rdf8
21. Rf1 Rxf1+ 22. Qxf1 Kd8 23. Qh3 Rg6 24. Bc3 Be3 25. Nd2 Rh6 26. Qg4 Rg6 27.
Qh3 Rh6 28. Qg4 Rg6 29. Qf3 Bg5 30. Qf8+ Kd7 31. Nb3 Bh6 32. Qb8 Nf5 33. Re1
Be3 34. Nc5+ Ke7 35. Bd2 Rh6 36. Rxe3+ Nxe3 37. Bxe3 Qxg3 38. Bxh6 Qe1+ 39. Kg2
Qe2+ 40. Kg3 Qe1+ 41. Kf3 Qf1+ 42. Ke3 Qh3+ 43. Ke2 Qxh2+ 44. Kd3 Qh3+ 45. Be3
Qf1+ 46. Kc2 Qg2+ 47. Kc3 Qe2 48. Qxc7+ 1-0

[Event "Liga Madrileña - DH 2012-2013"]
[Site "Madrid ESP"]
[Date "2013.02.24"]
[Round "11.36"]
[White "Perez de Aranda, Leonardo Ivan"]
[Black "Bertino, Paolo"]
[Result "1-0"]
[WhiteElo "2109"]
[BlackElo "2067"]
[PlyCount "37"]
[EventDate "2012.11.18"]
[EventRounds "14"]
[EventCountry "ESP"]
[Source "lmi"]
[SourceDate "2012.11.18"]
[WhiteTeam "Virgen de Atocha"]
[BlackTeam "Cafe Comercial"]
[WhiteTeamCountry "ESP"]
[BlackTeamCountry "ESP"]

1. e4 d5 2. exd5 Qxd5 3. Nc3 Qa5 4. d4 Nf6 5. Bd2 c6 6. Ne4 Qc7 7. Nxf6+ gxf6
8. Qf3 Bg7 9. Bd3 b6 10. Bf4 e5 11. Qg3 Kf8 12. Bd2 Na6 13. Bxa6 Bxa6 14. Qa3+
Qe7 15. Qxa6 exd4+ 16. Qe2 Re8 17. Qxe7+ Rxe7+ 18. Kf1 h5 19. Nf3 1-0

[Event "Liga Madrileña - DH 2012-2013"]
[Site "Madrid ESP"]
[Date "2013.02.24"]
[Round "11.42"]
[White "Alarcia Astriz, Carlos"]
[Black "Reyes Larena, Juan"]
[Result "0-1"]
[WhiteElo "2335"]
[BlackElo "2441"]
[PlyCount "100"]
[EventDate "2012.11.18"]
[EventRounds "14"]
[EventCountry "ESP"]
[Source "lmi"]
[SourceDate "2012.11.18"]
[WhiteTeam "Blanco y Negro"]
[BlackTeam "Collado Villalba"]
[WhiteTeamCountry "ESP"]
[BlackTeamCountry "ESP"]

1. e4 e5 2. Nf3 Nc6 3. Bc4 Bc5 4. c3 Nf6 5. d3 d6 6. Nbd2 a6 7. Bb3 O-O 8. O-O
Ba7 9. Nc4 Be6 10. Ne3 Bxb3 11. Qxb3 Bxe3 12. Bxe3 Qd7 13. h3 a5 14. a4 h6 15.
Rad1 b6 16. Rfe1 Rfe8 17. Nh2 d5 18. Qc2 Rad8 19. Nf1 Qe6 20. f3 Re7 21. Ng3
Red7 22. Bc1 Ne7 23. Kh2 Qc6 24. b3 Ng6 25. Nf5 Qe6 26. Be3 c5 27. c4 dxe4 28.
fxe4 Ne7 29. g4 Nh7 30. Rf1 Nc6 31. Qe2 Nb4 32. Rd2 Nxd3 33. Rfd1 Nb4 34. Rxd7
Rxd7 35. Rd2 Nc6 36. Rd5 Nf6 37. Qf3 Nd4 38. Bxd4 exd4 39. Rxd7 Nxd7 40. h4
Qe5+ 41. Kh3 Nf6 42. Ng3 g6 43. h5 Nh7 44. Kg2 Ng5 45. Qe2 Ne6 46. Qf3 d3 47.
hxg6 fxg6 48. Qe3 Qb2+ 49. Kf1 d2 50. Ke2 Nd4+ 0-1

[Event "Liga Madrileña - DH 2012-2013"]
[Site "Madrid ESP"]
[Date "2013.02.24"]
[Round "11.43"]
[White "Garrido Dominguez, Jesus"]
[Black "Martinez Lozano, Miguel Angel"]
[Result "1-0"]
[WhiteElo "2400"]
[BlackElo "2230"]
[PlyCount "99"]
[EventDate "2012.11.18"]
[EventRounds "14"]
[EventCountry "ESP"]
[Source "lmi"]
[SourceDate "2012.11.18"]
[WhiteTeam "Collado Villalba"]
[BlackTeam "Blanco y Negro"]
[WhiteTeamCountry "ESP"]
[BlackTeamCountry "ESP"]

1. e4 c5 2. Nf3 d6 3. d4 cxd4 4. Nxd4 Nf6 5. Nc3 a6 6. h3 h5 7. g3 e5 8. Nde2
Be6 9. Bg2 Nbd7 10. O-O b5 11. Bg5 Be7 12. a3 Rc8 13. Qd2 O-O 14. Rad1 Qc7 15.
f4 a5 16. Rc1 b4 17. axb4 axb4 18. Nd1 Qb6+ 19. Kh2 Rfe8 20. Ne3 Bf8 21. b3
exf4 22. gxf4 Nh7 23. Bh4 Ndf6 24. Ng3 Be7 25. Bxf6 Nxf6 26. Bf3 Rc3 27. Rce1
Qc5 28. Re2 Rc8 29. Rff2 h4 30. Ngf5 Bxf5 31. Nxf5 Bf8 32. Nxh4 g6 33. e5 dxe5
34. fxe5 Nh7 35. Bg2 Be7 36. Nf3 Nf8 37. Ng5 Bxg5 38. Qxg5 Ne6 39. Qf6 Rc7 40.
Re4 Rd7 41. Rh4 Ng7 42. Be4 Qe3 43. Bd3 Qc5 44. Bc4 Qe7 45. Rhf4 Ne6 46. Qxf7+
Qxf7 47. Rxf7 Rxf7 48. Bxe6 Rcc7 49. Rxf7 Rxf7 50. Kg3 1-0

[Event "Liga Madrileña - DH 2012-2013"]
[Site "Madrid ESP"]
[Date "2013.02.24"]
[Round "11.44"]
[White "Garrido Olivares, Ricard"]
[Black "Pastor Alonso de Prado, Alberto"]
[Result "1-0"]
[WhiteElo "2218"]
[BlackElo "2143"]
[PlyCount "115"]
[EventDate "2012.11.18"]
[EventRounds "14"]
[EventCountry "ESP"]
[Source "lmi"]
[SourceDate "2012.11.18"]
[WhiteTeam "Blanco y Negro"]
[BlackTeam "Collado Villalba"]
[WhiteTeamCountry "ESP"]
[BlackTeamCountry "ESP"]

1. Nf3 d5 2. d4 e6 3. e3 Nf6 4. Bd3 Be7 5. Nbd2 O-O 6. O-O b6 7. e4 dxe4 8.
Nxe4 Bb7 9. Qe2 Nxe4 10. Bxe4 Bxe4 11. Qxe4 Qd5 12. Qe2 Nc6 13. Rd1 b5 14. Bf4
Bd6 15. Bg3 Bxg3 16. hxg3 Rfd8 17. c3 Rab8 18. b3 Na5 19. Ne5 Qd6 20. Qf3 Rf8
21. Re1 Rb6 22. b4 Nc6 23. a4 Nxe5 24. dxe5 Qd7 25. axb5 Qxb5 26. Ra5 Qc6 27.
Rxa7 Qxf3 28. gxf3 Rc6 29. Rc1 g5 30. c4 Rb8 31. Ra4 Rcb6 32. b5 c6 33. bxc6
Rxc6 34. c5 Kg7 35. Kg2 Kg6 36. f4 h6 37. Kf3 Rb3+ 38. Ke4 Rb2 39. Rd4 Rb5 40.
Rdc4 h5 41. f5+ Kg7 42. R1c3 Rb2 43. Rc2 Rb8 44. Rd2 Rb5 45. Rd7 exf5+ 46. Kd5
Re6 47. Rd6 Re8 48. Rf6 g4 49. Rxf5 Rd8+ 50. Kc6 Rbb8 51. Rf6 Rbc8+ 52. Kb5 Re8
53. Rc6 Rxc6 54. Kxc6 Rxe5 55. Rc2 Kf8 56. Kb7 Ke7 57. c6 Rb5+ 58. Ka6 1-0

[Event "Liga Madrileña - DH 2012-2013"]
[Site "Madrid ESP"]
[Date "2013.02.24"]
[Round "11.45"]
[White "Cao Armillas, Jesus"]
[Black "Aguado Solana, Juan"]
[Result "1/2-1/2"]
[WhiteElo "2173"]
[BlackElo "2082"]
[PlyCount "107"]
[EventDate "2012.11.18"]
[EventRounds "14"]
[EventCountry "ESP"]
[Source "lmi"]
[SourceDate "2012.11.18"]
[WhiteTeam "Collado Villalba"]
[BlackTeam "Blanco y Negro"]
[WhiteTeamCountry "ESP"]
[BlackTeamCountry "ESP"]

1. d4 d5 2. c4 Nc6 3. Nc3 e6 4. Nf3 Nf6 5. Bg5 Be7 6. e3 O-O 7. Rc1 Re8 8. a3
dxc4 9. Bxc4 Nd5 10. Bxe7 Ncxe7 11. O-O Ng6 12. Qb3 c6 13. Rfd1 Qe7 14. Ne4 Nb6
15. Be2 e5 16. dxe5 Nxe5 17. Nxe5 Qxe5 18. Nd6 Be6 19. Qc3 Qxc3 20. Rxc3 Re7
21. e4 Rd7 22. Rcd3 Kf8 23. f4 f6 24. h3 Nc8 25. f5 Rxd6 26. Rxd6 Nxd6 27. Rxd6
Bf7 28. Rd7 Rb8 29. Kf2 a6 30. Ke3 Ke8 31. Rc7 h6 32. b4 a5 33. bxa5 Kf8 34.
Bd3 Ra8 35. a6 bxa6 36. Rxc6 a5 37. Kd2 Ra7 38. Kc3 Rb7 39. Bc4 a4 40. Ra6 Be8
41. Bd5 Rb1 42. Ra8 Ke7 43. Ra7+ Kf8 44. Rb7 Rc1+ 45. Kb4 Rb1+ 46. Kc5 Ra1 47.
Rb2 Rxa3 48. Kd6 Rc3 49. e5 fxe5 50. Kxe5 Rc5 51. Kd4 Rb5 52. Re2 Rb4+ 53. Kc3
Rf4 54. Be6 1/2-1/2

[Event "Liga Madrileña - DH 2012-2013"]
[Site "Madrid ESP"]
[Date "2013.02.24"]
[Round "11.46"]
[White "Rivera Leon, Mauro Arturo"]
[Black "Bote Alvarez-Carrasco, Valentin"]
[Result "1/2-1/2"]
[WhiteElo "2082"]
[BlackElo "2130"]
[PlyCount "89"]
[EventDate "2012.11.18"]
[EventRounds "14"]
[EventCountry "ESP"]
[Source "lmi"]
[SourceDate "2012.11.18"]
[WhiteTeam "Blanco y Negro"]
[BlackTeam "Collado Villalba"]
[WhiteTeamCountry "ESP"]
[BlackTeamCountry "ESP"]

1. e4 e5 2. Nf3 Nc6 3. Bb5 a6 4. Ba4 Nf6 5. d4 exd4 6. O-O Be7 7. Re1 O-O 8. e5
Ne8 9. c3 d6 10. Bxc6 bxc6 11. Nxd4 Bd7 12. Qf3 d5 13. Nd2 g6 14. Nf1 c5 15.
Nb3 c4 16. Nbd2 c6 17. b3 cxb3 18. axb3 Nc7 19. Qg3 f6 20. e6 Bxe6 21. Nf3 Bd6
22. Bf4 Bxf4 23. Qxf4 a5 24. Nd4 Qd7 25. Nxe6 Nxe6 26. Qa4 Rab8 27. Nd2 Rb5 28.
c4 dxc4 29. Nxc4 Nc5 30. Qa2 Nxb3 31. Nxa5 Qf7 32. Nxb3 Qxb3 33. Qa6 Rb6 34.
Qa7 Rb7 35. Qd4 Qd5 36. Qf4 Rd7 37. Rac1 Kg7 38. h3 Rfd8 39. Re4 Qd6 40. Qe3
Kf7 41. Rec4 Re7 42. Qh6 Kg8 43. Rxc6 Re1+ 44. Rxe1 Qxc6 45. Qe3 1/2-1/2

[Event "Liga Madrileña - DH 2012-2013"]
[Site "Madrid ESP"]
[Date "2013.03.03"]
[Round "12.11"]
[White "Adan Bermudez, Sergio"]
[Black "Moreno Ruiz, Javier"]
[Result "0-1"]
[WhiteElo "2285"]
[BlackElo "2492"]
[PlyCount "104"]
[EventDate "2012.11.18"]
[EventRounds "14"]
[EventCountry "ESP"]
[Source "lmi"]
[SourceDate "2012.11.18"]
[WhiteTeam "Pueblo Nuevo"]
[BlackTeam "Collado Villalba"]
[WhiteTeamCountry "ESP"]
[BlackTeamCountry "ESP"]

1. c4 c5 2. g3 g6 3. Bg2 Bg7 4. Nc3 Nc6 5. a3 d6 6. Rb1 a5 7. e4 Nf6 8. Nge2
O-O 9. O-O Ne8 10. d3 Nc7 11. Be3 Nd4 12. b4 axb4 13. axb4 b6 14. e5 Ra3 15.
Bc1 Ra6 16. Nxd4 cxd4 17. exd6 dxc3 18. dxc7 Qxc7 19. Bf4 Qa7 20. Re1 Rd8 21.
Bg5 Be6 22. Bd5 Bxd5 23. cxd5 Qa8 24. Bxe7 Rxd5 25. Rc1 Ra2 26. Rc2 h5 27. h4
Rxc2 28. Qxc2 Qa6 29. Rd1 Qb5 30. Kh2 Be5 31. Re1 Bg7 32. Re3 Rf5 33. Re4 Rd5
34. Rc4 Qd7 35. Bg5 Rxd3 36. b5 Qd5 37. Rc8+ Kh7 38. Rd8 Qxd8 39. Bxd8 Rxd8 40.
Qb3 Rc8 41. Qc2 Rc5 42. Kh3 Rxb5 43. g4 hxg4+ 44. Kxg4 Rc5 45. f4 b5 46. Qf2
Rc4 47. Qc2 Rc5 48. Qf2 Bf8 49. Qa2 Kg8 50. h5 Rxh5 51. Kf3 Rc5 52. f5 Rxf5+
0-1

[Event "Liga Madrileña - DH 2012-2013"]
[Site "Madrid ESP"]
[Date "2013.03.03"]
[Round "12.12"]
[White "Reyes Larena, Juan"]
[Black "Fernandez Lledo, Javier"]
[Result "1-0"]
[WhiteElo "2441"]
[BlackElo "2238"]
[PlyCount "85"]
[EventDate "2012.11.18"]
[EventRounds "14"]
[EventCountry "ESP"]
[Source "lmi"]
[SourceDate "2012.11.18"]
[WhiteTeam "Collado Villalba"]
[BlackTeam "Pueblo Nuevo"]
[WhiteTeamCountry "ESP"]
[BlackTeamCountry "ESP"]

1. e4 d6 2. d4 Nc6 3. d5 Ne5 4. f4 Ng6 5. Nf3 e5 6. dxe6 fxe6 7. h4 h5 8. Nc3
Qf6 9. g3 Bd7 10. Bd3 Bc6 11. Qe2 O-O-O 12. Be3 Be7 13. O-O-O Kb8 14. Rhf1 Nh6
15. Nd4 Bd7 16. Bb5 c6 17. e5 Qf8 18. exd6 Bxd6 19. Bc4 Nf5 20. Nxf5 exf5 21.
Qf2 a6 22. Ba7+ Ka8 23. Na4 Bc8 24. Rxd6 Rxd6 25. Nb6+ Kxa7 26. Nd7+ Ka8 27.
Nxf8 Rxf8 28. Be2 Rh8 29. Rd1 Rxd1+ 30. Bxd1 Nf8 31. Qd4 Ne6 32. Qe5 Rd8 33.
Bxh5 Rd5 34. Qe3 Rd4 35. Bf3 Rd8 36. h5 Rf8 37. Qe5 Rf6 38. b4 Ka7 39. a4 Rf7
40. Be2 Rf6 41. Bd3 Nf8 42. Qc7 Bd7 43. Bxa6 1-0

[Event "Liga Madrileña - DH 2012-2013"]
[Site "Madrid ESP"]
[Date "2013.03.03"]
[Round "12.13"]
[White "Navarro Nicolas, Victor Manuel"]
[Black "Garrido Dominguez, Jesus"]
[Result "0-1"]
[WhiteElo "2211"]
[BlackElo "2400"]
[PlyCount "54"]
[EventDate "2012.11.18"]
[EventRounds "14"]
[EventCountry "ESP"]
[Source "lmi"]
[SourceDate "2012.11.18"]
[WhiteTeam "Pueblo Nuevo"]
[BlackTeam "Collado Villalba"]
[WhiteTeamCountry "ESP"]
[BlackTeamCountry "ESP"]

1. Nf3 Nf6 2. c4 g6 3. Nc3 Bg7 4. d4 d6 5. h3 Na6 6. e4 O-O 7. Bg5 Qe8 8. Be2
e5 9. d5 Nh5 10. g3 f5 11. Nd2 Nf6 12. a3 Nd7 13. exf5 h6 14. f6 Nxf6 15. Bxf6
Bxf6 16. Nde4 Be7 17. b4 Bf5 18. h4 Rd8 19. h5 c6 20. Bd3 gxh5 21. Rxh5 Qg6 22.
Rh2 Nc7 23. Qc2 b5 24. O-O-O bxc4 25. Bxc4 Kg7 26. f3 cxd5 27. g4 Bxe4 0-1

[Event "Liga Madrileña - DH 2012-2013"]
[Site "Madrid ESP"]
[Date "2013.03.03"]
[Round "12.14"]
[White "Pastor Alonso de Prado, Alberto"]
[Black "Barez Menendez, Hector"]
[Result "1-0"]
[WhiteElo "2143"]
[BlackElo "2163"]
[PlyCount "59"]
[EventDate "2012.11.18"]
[EventRounds "14"]
[EventCountry "ESP"]
[Source "lmi"]
[SourceDate "2012.11.18"]
[WhiteTeam "Collado Villalba"]
[BlackTeam "Pueblo Nuevo"]
[WhiteTeamCountry "ESP"]
[BlackTeamCountry "ESP"]

1. e4 e5 2. Nf3 Nf6 3. Nxe5 d6 4. Nf3 Nxe4 5. Nc3 Nxc3 6. dxc3 Be7 7. Bf4 Nc6
8. Qd2 Bg4 9. Bb5 a6 10. Bxc6+ bxc6 11. Nd4 Bd7 12. g4 c5 13. Nf5 Bxf5 14. gxf5
O-O 15. O-O-O Qd7 16. Bg5 Bxg5 17. Qxg5 f6 18. Qg4 Rae8 19. Rhg1 Rf7 20. f4 Qa4
21. Rde1 Rxe1+ 22. Rxe1 Qxa2 23. Qf3 Qc4 24. b3 Qb5 25. Qa8+ Rf8 26. Qd5+ Kh8
27. Re7 Qf1+ 28. Kb2 Qxf4 29. Qf7 Rg8 30. Re8 1-0

[Event "Liga Madrileña - DH 2012-2013"]
[Site "Madrid ESP"]
[Date "2013.03.03"]
[Round "12.15"]
[White "Nunez Reiz, Antonio"]
[Black "Cao Armillas, Jesus"]
[Result "1-0"]
[WhiteElo "2123"]
[BlackElo "2173"]
[PlyCount "61"]
[EventDate "2012.11.18"]
[EventRounds "14"]
[EventCountry "ESP"]
[Source "lmi"]
[SourceDate "2012.11.18"]
[WhiteTeam "Pueblo Nuevo"]
[BlackTeam "Collado Villalba"]
[WhiteTeamCountry "ESP"]
[BlackTeamCountry "ESP"]

1. b3 e5 2. Bb2 Nc6 3. Nf3 Bd6 4. e4 Nf6 5. Nc3 O-O 6. Bc4 Bb4 7. Nd5 Bc5 8.
O-O d6 9. Nxf6+ Qxf6 10. h3 Qg6 11. h4 Qxe4 12. c3 Qg6 13. d4 Bb6 14. Re1 Bg4
15. Bd3 f5 16. Bc4+ Kh8 17. dxe5 dxe5 18. Qd5 Rad8 19. Nxe5 Nxe5 20. Qxe5 Bf3
21. Bf1 Rd2 22. Re3 Bxe3 23. Qxe3 Rxb2 24. Qxf3 Qf6 25. Qxb7 Qxc3 26. Qxa7 f4
27. Rd1 c5 28. Qe7 Rg8 29. Rd8 g6 30. Rxg8+ Kxg8 31. Bc4+ 1-0

[Event "Liga Madrileña - DH 2012-2013"]
[Site "Madrid ESP"]
[Date "2013.03.03"]
[Round "12.16"]
[White "Bote Alvarez-Carrasco, Valentin"]
[Black "Nieto de la Cruz, Julio"]
[Result "1/2-1/2"]
[WhiteElo "2130"]
[BlackElo "2111"]
[PlyCount "121"]
[EventDate "2012.11.18"]
[EventRounds "14"]
[EventCountry "ESP"]
[Source "lmi"]
[SourceDate "2012.11.18"]
[WhiteTeam "Collado Villalba"]
[BlackTeam "Pueblo Nuevo"]
[WhiteTeamCountry "ESP"]
[BlackTeamCountry "ESP"]

1. Nf3 g6 2. c4 Bg7 3. Nc3 e5 4. d4 d6 5. dxe5 dxe5 6. Qxd8+ Kxd8 7. Bg5+ f6 8.
Rd1+ Bd7 9. Be3 Ne7 10. g3 Na6 11. Bg2 c6 12. Ne4 Kc7 13. Nc5 Nxc5 14. Bxc5 Nc8
15. O-O Be6 16. b3 a5 17. a4 Bf8 18. Be3 Ne7 19. Bc1 Nf5 20. Bb2 Kb6 21. e3 Bc5
22. g4 Nxe3 23. fxe3 Bxe3+ 24. Kh1 Bxg4 25. Rd6 Rhf8 26. Nd2 Rfd8 27. c5+ Ka6
28. Ne4 f5 29. Nf6 Be2 30. Re1 Bxc5 31. Rxd8 Rxd8 32. Bxe5 Rd1 33. Rxd1 Bxd1
34. Bf1+ b5 35. Nd7 Ba7 36. axb5+ cxb5 37. b4 axb4 38. Bg2 b3 39. Bb2 b4 40.
Ne5 Be2 41. Bd5 Bd1 42. Kg2 Kb5 43. Nc4 Kc5 44. Bg8 f4 45. Nd2 h5 46. Nxb3+ Kd6
47. Nd2 g5 48. Ne4+ Kc6 49. Nxg5 Be3 50. Nf3 Kc5 51. Bf7 h4 52. Nxh4 Bd4 53.
Bc1 b3 54. Bxb3 Bxb3 55. Bxf4 Kd5 56. Nf3 Bf6 57. Kg3 Ke6 58. h4 Kf5 59. h5 Bf7
60. h6 Kg6 61. Ne5+ 1/2-1/2